[Event "XV Weekend B"]
[Site "Ceriano Laghetto ITA"]
[Date "2006.04.01"]
[Round "2"]
[White "Orsi, Matteo"]
[Black "Stips, Felix"]
[Result "1/2-1/2"]
[WhiteElo "1900"]
[BlackElo "1818"]
[PlyCount "108"]
[EventDate "2006.03.31"]

1. d4 Nf6 2. c4 g6 3. Nc3 Bg7 4. e4 d6 5. Nge2 O-O 6. Ng3 e5 7. d5 a5 8. h4 Qe8
9. h5 Nfd7 10. hxg6 hxg6 11. Bh6 Bxh6 12. Rxh6 Kg7 13. Qd2 f6 14. O-O-O Rh8 15.
Rxh8 Qxh8 16. Be2 Qh6 17. Bg4 Qxd2+ 18. Kxd2 Na6 19. Nge2 Nb6 20. Bf3 Nxc4+ 21.
Kc2 Bd7 22. Nc1 Nc5 23. Be2 Nb6 24. Rh1 Rh8 25. Rxh8 Kxh8 26. Nd3 Nxd3 27. Bxd3
c6 28. g3 cxd5 29. exd5 f5 30. Bb5 Bxb5 31. Nxb5 Nc8 32. Kd3 Kg7 33. Kc4 Kf6
34. Nc7 f4 35. gxf4 exf4 36. Kd4 Kf5 37. f3 g5 38. Ne8 g4 39. fxg4+ Kxg4 40.
Nf6+ Kg3 41. Nh5+ Kf3 42. b3 b5 43. a3 Nb6 44. Nf6 Ke2 45. Ne4 f3 46. Nxd6 f2
47. Ne4 a4 48. bxa4 bxa4 49. Nxf2 Kxf2 50. Kc5 Nd7+ 51. Kb5 Ke3 52. Kxa4 Kd4
53. Kb5 Kxd5 54. a4 Ne5 1/2-1/2

[Event "XV Weekend B"]
[Site "Ceriano Laghetto ITA"]
[Date "2006.04.01"]
[Round "2"]
[White "Palminteri, Vincenzo"]
[Black "Oteri, Aldo"]
[Result "0-1"]
[WhiteElo "1700"]
[BlackElo "1858"]
[PlyCount "64"]
[EventDate "2006.03.31"]

1. e4 e6 2. d4 d5 3. Nc3 Bb4 4. a3 Bxc3+ 5. bxc3 dxe4 6. Qg4 Nf6 7. Qxg7 Rg8 8.
Qh6 Nbd7 9. Ne2 c5 10. Ng3 Qa5 11. Bd2 Qa4 12. Be2 cxd4 13. cxd4 Qxd4 14. O-O
Rg6 15. Qf4 Nd5 16. Be3 Nxf4 17. Bxd4 Rxg3 18. Bc4 Rxg2+ 19. Kh1 Nb6 20. Bb5+
Bd7 21. Bxd7+ Kxd7 22. Rad1 Kc6 23. Be5 Rg4 24. Rd4 Nd7 25. f3 exf3 26. Bxf4 e5
27. Bxe5 Nxe5 28. Rxg4 Nxg4 29. Rxf3 Ne5 30. Rh3 Rg8 31. Rxh7 Nf3 32. Rh6+ Kc7
0-1

[Event "XV Weekend B"]
[Site "Ceriano Laghetto ITA"]
[Date "2006.04.01"]
[Round "2"]
[White "Paniga, Danilo"]
[Black "Regorda, Vittorio"]
[Result "1-0"]
[WhiteElo "1716"]
[BlackElo "1968"]
[PlyCount "55"]
[EventDate "2006.03.31"]

1. d4 Nf6 2. Nf3 g6 3. Nbd2 Bg7 4. e4 d6 5. Bd3 O-O 6. O-O Nbd7 7. Re1 e5 8.
dxe5 Nxe5 9. Nxe5 dxe5 10. Nc4 Qe8 11. c3 b5 12. Ne3 c5 13. Qc2 Be6 14. b3 Qc6
15. c4 b4 16. Nd5 Qb7 17. Be3 Rac8 18. f3 Rfe8 19. Qf2 Nd7 20. Rad1 Qa6 21. Re2
Qd6 22. Bc2 Qa6 23. Bb1 Qc6 24. Red2 f5 25. Bg5 Kf7 26. Qh4 h6 27. Bxh6 Rh8 28.
Qe7+ 1-0

[Event "XV Weekend B"]
[Site "Ceriano Laghetto ITA"]
[Date "2006.04.01"]
[Round "2"]
[White "Pepa, Syrja"]
[Black "Libutti, Michele"]
[Result "1-0"]
[WhiteElo "1718"]
[BlackElo "1896"]
[PlyCount "81"]
[EventDate "2006.03.31"]

1. e4 c6 2. d4 d5 3. Nc3 dxe4 4. Nxe4 Bf5 5. Ng3 Bg6 6. Nf3 Nd7 7. h4 h6 8. h5
Bh7 9. Bd3 Bxd3 10. Qxd3 e6 11. Be3 Ngf6 12. O-O-O Qc7 13. Kb1 Ng4 14. Ne4 Nxe3
15. Qxe3 Nb6 16. Ne5 Be7 17. f4 Nd5 18. Qf3 Nf6 19. g4 Nxe4 20. Qxe4 Bf6 21. f5
exf5 22. Qxf5 O-O 23. Nd7 Rfe8 24. Nxf6+ gxf6 25. Qxf6 Re6 26. Qf5 Qe7 27. g5
hxg5 28. Rhg1 f6 29. h6 Re8 30. a3 Qh7 31. Qf3 Re2 32. Qb3+ Kh8 33. Rgf1 f5 34.
d5 cxd5 35. Qxd5 f4 36. Qd4+ Kg8 37. Qc4+ Kh8 38. Qd4+ Kg8 39. Qc5 Qe7 40. Qd5+
Qe6 41. Qxg5+ 1-0

[Event "XV Weekend B"]
[Site "Ceriano Laghetto ITA"]
[Date "2006.04.01"]
[Round "2"]
[White "Primerano, Carlo"]
[Black "Bonoldi, Fabio"]
[Result "1/2-1/2"]
[WhiteElo "1688"]
[BlackElo "1852"]
[PlyCount "44"]
[EventDate "2006.03.31"]

1. d4 Nf6 2. c4 g6 3. Nc3 d5 4. Bf4 c6 5. e3 Bg7 6. cxd5 Nxd5 7. Nxd5 Qxd5 8.
Bd3 Qxg2 9. Qf3 Qxf3 10. Nxf3 Nd7 11. h4 h5 12. b4 Nb6 13. Rb1 Be6 14. Ne5 O-O
15. a3 Nd5 16. Bg3 Nf6 17. f3 Rad8 18. Ke2 Nd7 19. Nc4 Bxc4 20. Bxc4 Nb6 21.
Ba2 Rfe8 22. Bc7 Rd7 1/2-1/2

[Event "XV Weekend B"]
[Site "Ceriano Laghetto ITA"]
[Date "2006.04.01"]
[Round "2"]
[White "Sartorio, Diego"]
[Black "Corti, Filippo"]
[Result "1-0"]
[WhiteElo "1924"]
[BlackElo "1634"]
[PlyCount "63"]
[EventDate "2006.03.31"]

1. e4 c6 2. d4 d5 3. exd5 cxd5 4. Bd3 Nc6 5. c3 Qc7 6. Nf3 Bg4 7. h3 Bh5 8. Be3
e6 9. Nbd2 Bd6 10. Rc1 Nf6 11. O-O Bg6 12. Bxg6 hxg6 13. Re1 O-O 14. Bg5 Bf4
15. Bxf4 Qxf4 16. Qe2 Qd6 17. Ne5 a6 18. Qe3 b5 19. Qf4 Nh5 20. Qe3 Rab8 21.
Nxc6 Qxc6 22. a3 Qd6 23. Qe5 Rfd8 24. Nb3 Nf6 25. Nc5 Rb6 26. Re3 a5 27. b4 a4
28. Kf1 Qxe5 29. Rxe5 Nd7 30. Re3 Kf8 31. Ke2 Re8 32. Nxd7+ 1-0

[Event "XV Weekend B"]
[Site "Ceriano Laghetto ITA"]
[Date "2006.04.01"]
[Round "2"]
[White "Savarese, Vincenzo"]
[Black "Longo, Giovanni"]
[Result "1-0"]
[WhiteElo "1848"]
[BlackElo "1724"]
[PlyCount "59"]
[EventDate "2006.03.31"]

1. e4 c6 2. d4 d5 3. exd5 cxd5 4. Bd3 Nf6 5. h3 Nc6 6. c3 e6 7. Nf3 Be7 8. O-O
O-O 9. Bf4 b6 10. Nbd2 Bb7 11. Ne5 Rc8 12. Ndf3 h6 13. Qe2 Bd6 14. Rfe1 Qc7 15.
Rad1 Rfe8 16. g4 Nd7 17. g5 Ndxe5 18. dxe5 Bf8 19. gxh6 f5 20. Kh2 g6 21. Rg1
Qh7 22. Rxg6+ Qxg6 23. Rg1 Qxg1+ 24. Nxg1 Kh7 25. Qh5 Re7 26. Nf3 Rcc7 27. Nh4
Rf7 28. Qg6+ Kh8 29. Qxe6 Rce7 30. Ng6+ 1-0

[Event "XV Weekend B"]
[Site "Ceriano Laghetto ITA"]
[Date "2006.04.01"]
[Round "2"]
[White "Zuccaro, Guido"]
[Black "Petetta, Roberto"]
[Result "0-1"]
[WhiteElo "1604"]
[BlackElo "1718"]
[PlyCount "50"]
[EventDate "2006.03.31"]

1. c4 Nf6 2. Nc3 e6 3. g3 d5 4. cxd5 exd5 5. Bg2 c6 6. d3 Bf5 7. Nf3 Nbd7 8.
O-O Be7 9. a3 O-O 10. b4 b5 11. Nd4 Be6 12. Nxc6 Qe8 13. Nxb5 Nb6 14. Nc7 Qxc6
15. Nxa8 Qxa8 16. Bd2 Rc8 17. a4 Qb8 18. b5 d4 19. Bf4 Bd6 20. Bxd6 Qxd6 21.
Qd2 Nbd5 22. Rfc1 Rxc1+ 23. Rxc1 Nc3 24. Qc2 Qa3 25. e3 Qxc1+ 0-1

[Event "XV Weekend B"]
[Site "Ceriano Laghetto ITA"]
[Date "2006.04.01"]
[Round "3"]
[White "Battaglia, Giuseppe"]
[Black "Palminteri, Vincenzo"]
[Result "1-0"]
[WhiteElo "1673"]
[BlackElo "1700"]
[PlyCount "153"]
[EventDate "2006.03.31"]

1. e4 c5 2. Nf3 a6 3. d4 cxd4 4. Nxd4 Nf6 5. Nc3 e5 6. Nf5 d5 7. Qf3 Bb4 8. Bd2
O-O 9. O-O-O d4 10. Bg5 Bxf5 11. Qxf5 Qa5 12. Nb1 Nbd7 13. a3 Bd6 14. Bxf6 Nxf6
15. Rxd4 Qe1+ 16. Rd1 Qxe4 17. Bd3 Qxf5 18. Bxf5 Bc5 19. f3 Be3+ 20. Nd2 Rad8
21. Rhe1 Nd5 22. Be4 Bh6 23. Bxd5 Rxd5 24. c4 Rc5 25. Kb1 Rd8 26. Ne4 Rcc8 27.
Nd6 Rc7 28. Nxb7 Rxd1+ 29. Rxd1 Bg5 30. Nd6 Be7 31. b3 g6 32. Ne4 f5 33. Nd6
Rc6 34. Nb7 Rb6 35. Na5 Bxa3 36. Ka2 Rd6 37. Rxd6 Bxd6 38. Nb7 Be7 39. b4 Kf7
40. Kb3 Ke6 41. Nc5+ Kd6 42. Nxa6 Bd8 43. b5 Ba5 44. c5+ Kd7 45. Kc4 g5 46. Kd5
e4 47. fxe4 f4 48. c6+ Kc8 49. e5 g4 50. Ke4 g3 51. hxg3 fxg3 52. e6 Kd8 53.
Kf3 Ke7 54. Kxg3 Kxe6 55. Kf3 Kd6 56. Ke4 Bb6 57. g4 Bd8 58. Kf5 h6 59. Kg6 Bg5
60. c7 Kd7 61. b6 Kc8 62. Nc5 Be3 63. Na4 Kb7 64. Kf7 Kc8 65. Ke6 Bf4 66. Nc3
Be3 67. Nd5 Bxb6 68. Ne7+ Kxc7 69. Nd5+ Kc6 70. Nxb6 Kxb6 71. Kf6 Kc6 72. Kg6
Kd7 73. Kxh6 Ke8 74. Kh7 Kf8 75. g5 Kf7 76. g6+ Kf6 77. g7 1-0

[Event "XV Weekend B"]
[Site "Ceriano Laghetto ITA"]
[Date "2006.04.01"]
[Round "3"]
[White "Bettini, Massimo"]
[Black "Paniga, Danilo"]
[Result "1-0"]
[WhiteElo "1916"]
[BlackElo "1716"]
[PlyCount "59"]
[EventDate "2006.03.31"]

1. e4 d6 2. d4 Nf6 3. Nc3 c6 4. f4 Qa5 5. Bd2 e5 6. dxe5 dxe5 7. fxe5 Nfd7 8.
e6 fxe6 9. Nf3 Qd8 10. e5 Be7 11. Bd3 Nc5 12. Be4 Nxe4 13. Nxe4 Nd7 14. Bg5 O-O
15. h4 Bxg5 16. hxg5 Nxe5 17. Nfd2 Qe8 18. Qe2 Qg6 19. O-O-O Bd7 20. Nd6 Nf7
21. N6c4 Nxg5 22. Ne5 Qe8 23. Ne4 Nxe4 24. Qxe4 g6 25. Rxd7 Rd8 26. Rdxh7 Rf1+
27. Rxf1 Kxh7 28. Nxg6 Qxg6 29. Rf7+ Kh6 30. Qh4+ 1-0

[Event "XV Weekend B"]
[Site "Ceriano Laghetto ITA"]
[Date "2006.04.01"]
[Round "3"]
[White "Bonoldi, Fabio"]
[Black "Greco, Umberto"]
[Result "1-0"]
[WhiteElo "1852"]
[BlackElo "1605"]
[PlyCount "61"]
[EventDate "2006.03.31"]

1. c4 c5 2. Nc3 Nc6 3. g3 g6 4. Bg2 Bg7 5. Nf3 Nf6 6. d3 d6 7. O-O O-O 8. Bg5
Bg4 9. h3 Bxf3 10. Bxf3 Qd7 11. Bg2 Nd4 12. Qd2 Rfe8 13. e4 e5 14. Rae1 b5 15.
cxb5 Nxb5 16. Nxb5 Qxb5 17. f4 Nd7 18. f5 f6 19. Be3 g5 20. Rb1 Qa4 21. b3 Qb5
22. Bf3 Nb8 23. Bh5 Rd8 24. Bxg5 fxg5 25. Qxg5 Rf8 26. f6 Qd7 27. fxg7 Rxf1+
28. Rxf1 Qxg7 29. Bf7+ Kh8 30. Qxg7+ Kxg7 31. Bd5 1-0

[Event "XV Weekend B"]
[Site "Ceriano Laghetto ITA"]
[Date "2006.04.01"]
[Round "3"]
[White "Cardani, Roberto"]
[Black "Gagliani, Stefano"]
[Result "1-0"]
[WhiteElo "1854"]
[BlackElo "1698"]
[PlyCount "93"]
[EventDate "2006.03.31"]

1. e4 c5 2. Nf3 d6 3. d4 cxd4 4. Nxd4 Nf6 5. Nc3 e6 6. Be2 Be7 7. O-O O-O 8. f4
e5 9. Nb3 exf4 10. Bxf4 Nc6 11. Kh1 a6 12. a4 Be6 13. Bf3 Qd7 14. Nd5 Bxd5 15.
exd5 Ne5 16. Nd4 Rac8 17. b3 Nxf3 18. Qxf3 Rc5 19. c4 b5 20. axb5 axb5 21. Nxb5
Nxd5 22. Ra7 Qd8 23. Bg3 Nc7 24. Nd4 d5 25. Bxc7 Rxc7 26. Rxc7 Qxc7 27. Qxd5
Bf6 28. Nb5 Qb8 29. h3 Rd8 30. Qf3 Rd2 31. Qg4 Qd8 32. Qf3 Rd3 33. Qf5 Rxb3 34.
Qc2 Rb2 35. Qe4 h6 36. Qf3 Rd2 37. Qg4 Qd3 38. Rxf6 Rd1+ 39. Kh2 Qb1 40. Qc8+
Kh7 41. Qf5+ Qxf5 42. Rxf5 Kg8 43. Rc5 Kf8 44. Rc8+ Ke7 45. c5 Rc1 46. c6 Rc5
47. c7 1-0

[Event "XV Weekend B"]
[Site "Ceriano Laghetto ITA"]
[Date "2006.04.01"]
[Round "3"]
[White "De La Pena, Elmer"]
[Black "Campesato, Adriano"]
[Result "1-0"]
[WhiteElo "1853"]
[BlackElo "1625"]
[PlyCount "113"]
[EventDate "2006.03.31"]

1. d4 d5 2. Nf3 Nf6 3. c4 e6 4. Nc3 c6 5. Bg5 Be7 6. e3 Nbd7 7. Rc1 h6 8. Bh4
a6 9. a3 O-O 10. Bd3 dxc4 11. Bxc4 Nb6 12. Ba2 Nfd5 13. Bxe7 Qxe7 14. O-O Rd8
15. Ne5 Nxc3 16. Rxc3 Qf6 17. e4 Nd7 18. Rf3 Qh4 19. Nxf7 Re8 20. Nd6 Re7 21.
Qd3 Nf8 22. Nf5 Qg5 23. h4 Qf6 24. e5 Qf7 25. Nxh6+ gxh6 26. Rxf7 Rxf7 27. f4
Kh8 28. Qe3 Bd7 29. f5 Rh7 30. f6 Be8 31. Bb1 Bg6 32. h5 Bxb1 33. Rxb1 Rd8 34.
Rf1 Rdd7 35. Rf4 Kg8 36. Rg4+ Kf7 37. Qe4 Ke8 38. Qc2 Rc7 39. Qc5 Kf7 40. b4
Rd7 41. Qc3 Ke8 42. Kf2 Rhf7 43. Rg8 Rh7 44. Qc5 Rhf7 45. Ke3 Rc7 46. Qd6 Rcd7
47. Qxe6+ Kd8 48. Qc4 Rd5 49. Rg7 Ke8 50. Rg6 Ne6 51. Rxh6 Kd8 52. Rh8+ Kc7 53.
Re8 Nxd4 54. Qxd4 Rxd4 55. Kxd4 Rd7+ 56. Ke3 Rd8 57. f7 1-0

[Event "XV Weekend B"]
[Site "Ceriano Laghetto ITA"]
[Date "2006.04.01"]
[Round "3"]
[White "Ferraris, Fulvio"]
[Black "Zuccaro, Guido"]
[Result "0-1"]
[WhiteElo "1751"]
[BlackElo "1604"]
[PlyCount "62"]
[EventDate "2006.03.31"]

1. d4 d5 2. c4 c6 3. Nc3 Nf6 4. Bg5 e6 5. e3 Bd6 6. Qc2 O-O 7. Nf3 Nbd7 8. cxd5
exd5 9. Bd3 h6 10. Bh4 Qc7 11. Bxf6 Nxf6 12. h3 Re8 13. g4 b5 14. Kd2 b4 15.
Ne2 Ne4+ 16. Bxe4 dxe4 17. Nh4 Ba6 18. Rag1 Bd3 19. Qb3 a5 20. Nf5 a4 21. Qd1
Bf8 22. Nf4 Bc4 23. g5 hxg5 24. Rxg5 Ra5 25. Nh6+ Kh7 26. Rxa5 Qxa5 27. b3 axb3
28. Ng4 bxa2 29. Qa1 b3+ 30. Kc1 Ba3+ 31. Kd1 b2 0-1

[Event "XV Weekend B"]
[Site "Ceriano Laghetto ITA"]
[Date "2006.04.01"]
[Round "3"]
[White "Johansson, Alexander"]
[Black "Cesarano, Marco"]
[Result "1-0"]
[WhiteElo "1850"]
[BlackElo "1653"]
[PlyCount "39"]
[EventDate "2006.03.31"]

1. d4 d5 2. c4 c6 3. Nf3 Nf6 4. Nc3 e6 5. Bg5 h6 6. Bh4 Nbd7 7. e3 Bd6 8. Bd3
O-O 9. O-O Qc7 10. Rc1 a6 11. Qe2 dxc4 12. Bxc4 c5 13. Bd3 b6 14. e4 cxd4 15.
Nb5 Qb8 16. Nxd6 Qxd6 17. e5 Nxe5 18. Nxe5 Nd7 19. Bg3 Qe7 20. Qe4 1-0

[Event "XV Weekend B"]
[Site "Ceriano Laghetto ITA"]
[Date "2006.04.01"]
[Round "3"]
[White "Libutti, Michele"]
[Black "Mondini, Francesco"]
[Result "1-0"]
[WhiteElo "1896"]
[BlackElo "1628"]
[PlyCount "59"]
[EventDate "2006.03.31"]

1. d4 Nf6 2. c4 g6 3. Nc3 Bg7 4. e4 d6 5. Nf3 O-O 6. Be2 Nbd7 7. O-O c5 8. d5
a6 9. h3 Re8 10. Bf4 Nb6 11. e5 Nh5 12. Bh2 dxe5 13. Nxe5 Nf6 14. Re1 Nfd7 15.
f4 Nxe5 16. fxe5 Nd7 17. Bg4 h5 18. Bf3 e6 19. dxe6 Rxe6 20. Bd5 Re7 21. e6
Bd4+ 22. Kh1 fxe6 23. Bxe6+ Kg7 24. Nd5 Re8 25. Nc7 Nb6 26. Bxc8 Rxe1+ 27. Qxe1
Rxc8 28. Ne6+ Kg8 29. Nxd8 Rxd8 30. Qe6+ 1-0

[Event "XV Weekend B"]
[Site "Ceriano Laghetto ITA"]
[Date "2006.04.01"]
[Round "3"]
[White "Longo, Giovanni"]
[Black "Primerano, Carlo"]
[Result "1-0"]
[WhiteElo "1724"]
[BlackElo "1688"]
[PlyCount "77"]
[EventDate "2006.03.31"]

1. e4 c5 2. Nf3 d6 3. d4 cxd4 4. Qxd4 Nc6 5. Bb5 Bd7 6. Bxc6 Bxc6 7. c4 Nf6 8.
Nc3 Qc7 9. O-O e5 10. Qd3 Be7 11. Bg5 O-O 12. Rfd1 Rfd8 13. Rac1 Qd7 14. Bxf6
Bxf6 15. Nd5 Bxd5 16. Qxd5 Qc6 17. Rc3 Be7 18. Rcd3 Rac8 19. b3 a6 20. Qxc6
bxc6 21. c5 dxc5 22. Rxd8+ Rxd8 23. Rxd8+ Bxd8 24. Nxe5 Bc7 25. Nxc6 Kf8 26. b4
c4 27. Kf1 Ke8 28. h3 Kd7 29. Nd4 Be5 30. Nc2 Kc6 31. a4 g5 32. Ke2 h5 33. g3
g4 34. hxg4 hxg4 35. Ne3 Bc3 36. Nxc4 Bxb4 37. Ne5+ Kd6 38. Nxf7+ Ke6 39. Nh6
1-0

[Event "XV Weekend B"]
[Site "Ceriano Laghetto ITA"]
[Date "2006.04.01"]
[Round "3"]
[White "Marrone, Vincenzo"]
[Black "Biava, Pierluigi"]
[Result "1-0"]
[WhiteElo "1865"]
[BlackElo "1679"]
[PlyCount "85"]
[EventDate "2006.03.31"]

1. e4 c5 2. Nf3 e6 3. d4 cxd4 4. Nxd4 Nf6 5. Bd3 a6 6. c4 Bc5 7. Nb3 Ba7 8. Nc3
Nc6 9. O-O Qc7 10. Qe2 Ne5 11. Bf4 Bb8 12. Bg3 h5 13. f4 Nxd3 14. Qxd3 h4 15.
Be1 g5 16. Bd2 Ba7+ 17. Be3 gxf4 18. Bxa7 h3 19. Qd4 hxg2 20. Rf3 e5 21. Qc5
Qxc5+ 22. Bxc5 d6 23. Bxd6 Bg4 24. Rf2 Rh5 25. Bxe5 Rxe5 26. Rxf4 Ke7 27. Kxg2
Rg8 28. Rg1 Be2+ 29. Kf2 Rxg1 30. Kxg1 Bxc4 31. Nd4 Bd3 32. Nf5+ Ke6 33. Ng7+
Ke7 34. Nf5+ Ke6 35. Ng3 b5 36. a3 a5 37. Kf2 b4 38. axb4 axb4 39. Na2 Rb5 40.
Nc1 Bc2 41. Nf5 Ke5 42. Ke3 Ng4+ 43. Rxg4 1-0

[Event "XV Weekend B"]
[Site "Ceriano Laghetto ITA"]
[Date "2006.04.01"]
[Round "3"]
[White "Nardone, Massimo"]
[Black "Cecchini, Massimo"]
[Result "0-1"]
[WhiteElo "1910"]
[BlackElo "1676"]
[PlyCount "180"]
[EventDate "2006.03.31"]

1. c4 Nf6 2. Nf3 e6 3. g3 d5 4. b3 g6 5. Bb2 Bg7 6. Bg2 O-O 7. O-O Nbd7 8. d4
c5 9. dxc5 Nxc5 10. cxd5 exd5 11. Nc3 Re8 12. Nd4 Ne6 13. Nc2 Nc7 14. Nb4 Be6
15. Rc1 Qd7 16. Nd3 Rad8 17. Rc2 Qe7 18. Qd2 Bf5 19. Rfc1 Ne6 20. Nb5 Ne4 21.
Qa5 Bxb2 22. Rxb2 Rc8 23. Rbc2 Rxc2 24. Rxc2 a6 25. Nc7 Nxc7 26. Qxc7 d4 27.
Rc4 Nc3 28. Qxe7 Rxe7 29. e4 Ne2+ 30. Kf1 Bxe4 31. Bxe4 Rxe4 32. Nc5 Re7 33.
Nxb7 d3 34. Rc8+ Kg7 35. Nc5 d2 36. Rd8 Nxg3+ 37. Kg2 Nf1 38. Kxf1 Re1+ 39. Kg2
d1=Q 40. Rxd1 Rxd1 41. Nxa6 Kf6 42. Nc5 Ke5 43. b4 Kd5 44. Nd7 Kc6 45. Ne5+ Kb5
46. Nxf7 Kxb4 47. Ng5 h5 48. Ne6 Rd6 49. Nf4 Kc4 50. Kg3 Kd4 51. Kh4 Rf6 52.
Nh3 Rf5 53. a4 Ke5 54. a5 Kf6 55. a6 Ra5 56. Nf4 Rxa6 57. Kg3 Kf5 58. Ne2 Ra4
59. h3 g5 60. Kg2 h4 61. Nc3 Rc4 62. Nd5 Ke4 63. Nf6+ Kd3 64. Ng4 Kd2 65. Ne5
Rc5 66. Nf3+ Kd3 67. Nh2 Ke2 68. Nf3 Rd5 69. Ng1+ Kd1 70. Nf3 Rf5 71. Ng1 Rf4
72. Nf3 Ke2 73. Ng1+ Ke1 74. Nf3+ Kd1 75. Ng1 g4 76. hxg4 Rxg4+ 77. Kh2 Ke1 78.
Nh3 Kf1 79. Kh1 Rg2 80. f4 Rg3 81. Kh2 Ke2 82. Ng5 Ke3 83. Ne6 Ke4 84. Kh1 Kf5
85. Nd4+ Kg4 86. f5 Rd3 87. Nc2 Kxf5 88. Nb4 Rd2 89. Nc6 Kg4 90. Ne5+ Kg3 0-1

[Event "XV Weekend B"]
[Site "Ceriano Laghetto ITA"]
[Date "2006.04.01"]
[Round "3"]
[White "Oteri, Aldo"]
[Black "Albrizio, Mauro"]
[Result "0-1"]
[WhiteElo "1858"]
[BlackElo "1610"]
[PlyCount "82"]
[EventDate "2006.03.31"]

1. e4 e6 2. d4 d5 3. Nd2 dxe4 4. Nxe4 Be7 5. Nf3 Nf6 6. Bd3 Bd7 7. O-O Bc6 8.
Qe2 Bxe4 9. Bxe4 Nxe4 10. Qxe4 c6 11. Bf4 Nd7 12. Rfe1 Nf6 13. Qe2 O-O 14. Rad1
Nh5 15. Be5 Nf6 16. Rd3 Qd5 17. Ng5 h6 18. Rh3 Nd7 19. c4 Qa5 20. f4 Nxe5 21.
dxe5 hxg5 22. fxg5 Bxg5 23. Rh5 Qd2 24. Qe4 g6 25. Re2 Qf4 26. Qxf4 Bxf4 27.
Rh4 Bg5 28. Rg4 Be7 29. h4 Kg7 30. h5 Rh8 31. g3 Rxh5 32. a3 Rg5 33. Rxg5 Bxg5
34. Kg2 Rd8 35. b4 Rd2 36. Rxd2 Bxd2 37. Kf3 b5 38. cxb5 cxb5 39. Ke4 Bc1 40.
Kd4 Bxa3 41. Kc5 Bxb4+ 0-1

[Event "XV Weekend B"]
[Site "Ceriano Laghetto ITA"]
[Date "2006.04.01"]
[Round "3"]
[White "Parenti, Davide"]
[Black "Donadi, Luca"]
[Result "1-0"]
[WhiteElo "1856"]
[BlackElo "1787"]
[PlyCount "53"]
[EventDate "2006.03.31"]

1. d4 Nf6 2. Nf3 d5 3. c4 c6 4. Nc3 e6 5. cxd5 exd5 6. Bg5 Be7 7. e3 Be6 8. Bd3
Nbd7 9. O-O O-O 10. h3 Re8 11. Rb1 a5 12. g3 c5 13. dxc5 Nxc5 14. Bb5 Rf8 15.
Nd4 Rc8 16. Rc1 Nce4 17. Nxe4 Nxe4 18. Rxc8 Bxc8 19. Bxe7 Qxe7 20. Qh5 Be6 21.
Rc1 Nf6 22. Qe5 Ne8 23. Bxe8 Rxe8 24. Qf4 Rc8 25. Rxc8+ Bxc8 26. Qb8 Qd7 27.
Nb5 1-0

[Event "XV Weekend B"]
[Site "Ceriano Laghetto ITA"]
[Date "2006.04.01"]
[Round "3"]
[White "Petetta, Roberto"]
[Black "Corti, Filippo"]
[Result "0-1"]
[WhiteElo "1718"]
[BlackElo "1634"]
[PlyCount "72"]
[EventDate "2006.03.31"]

1. e4 c6 2. f4 d5 3. exd5 cxd5 4. d4 Nf6 5. Nf3 Nc6 6. Be2 Bf5 7. O-O e6 8. Nh4
Be4 9. Nc3 Qb6 10. Nxe4 Nxe4 11. c3 Be7 12. Nf3 O-O 13. Bd3 f5 14. Qe2 Bd6 15.
Rb1 Qc7 16. Ne5 Nxe5 17. fxe5 Be7 18. Be3 g5 19. Rbd1 f4 20. Bc1 Qc6 21. Qg4
Kh8 22. Rf3 Rf7 23. Rdf1 Rg8 24. g3 Rf5 25. Kh1 Qe8 26. h4 h5 27. Qh3 g4 28.
Qg2 gxf3 29. Rxf3 Nxg3+ 30. Kh2 Ne4 31. Qe2 Qg6 32. Qf1 Bxh4 33. Bxe4 dxe4 34.
Rh3 Bg3+ 35. Kh1 Qg4 36. Bd2 e3 0-1

[Event "XV Weekend B"]
[Site "Ceriano Laghetto ITA"]
[Date "2006.04.01"]
[Round "3"]
[White "Pulcini, Giorgio"]
[Black "Cervini, Gian Piero"]
[Result "1-0"]
[WhiteElo "1626"]
[BlackElo "1955"]
[PlyCount "87"]
[EventDate "2006.03.31"]

1. e4 g6 2. Bc4 Bg7 3. d4 d6 4. Nf3 Nf6 5. Nc3 O-O 6. Bf4 c6 7. e5 Ne8 8. Ng5
d5 9. Bd3 Qb6 10. Nxh7 Qxd4 11. Ne2 Qb4+ 12. c3 Qxb2 13. Nxf8 Kxf8 14. Qb1
Qxb1+ 15. Rxb1 Nd7 16. h4 Nxe5 17. Bxe5 Bxe5 18. h5 gxh5 19. Rxh5 Bg7 20. Kd2
Nf6 21. Rh4 e5 22. f3 e4 23. fxe4 dxe4 24. Bc2 Bf5 25. Rxb7 e3+ 26. Kc1 Bxc2
27. Kxc2 Rd8 28. Rd4 Nd5 29. Rd3 c5 30. a3 c4 31. Rd1 Bxc3 32. Nxc3 e2 33. Re1
Ne3+ 34. Kc1 Rd3 35. Nxe2 Rxa3 36. Nf4 Nf5 37. Nh5 Rc3+ 38. Kb2 Re3 39. Rxe3
Nxe3 40. g3 Nf5 41. Kc3 Nd6 42. Rd7 Nb5+ 43. Kxc4 Ke8 44. Nf6+ 1-0

[Event "XV Weekend B"]
[Site "Ceriano Laghetto ITA"]
[Date "2006.04.01"]
[Round "3"]
[White "Ragusa, Luigi"]
[Black "Colombo, Sandro"]
[Result "0-1"]
[WhiteElo "1787"]
[BlackElo "1733"]
[PlyCount "68"]
[EventDate "2006.03.31"]

1. c4 e5 2. Nc3 Nf6 3. g3 d5 4. cxd5 Nxd5 5. Bg2 Nb6 6. e3 Nc6 7. Nge2 Be6 8.
O-O Be7 9. d4 Bc4 10. d5 Nb4 11. e4 Rc8 12. Be3 c6 13. Bxb6 Qxb6 14. d6 Rd8 15.
Na4 Qa5 16. a3 Rxd6 17. Qe1 Qxa4 18. axb4 Qc2 19. Bf3 Bxe2 20. Bxe2 a6 21. f3
Rd2 22. Rf2 Bxb4 23. Rc1 Qxb2 24. Rb1 Qd4 25. Rxb4 Rxe2 26. Qxe2 Qxb4 27. Qe3
O-O 28. Rd2 a5 29. Rd7 a4 30. Qg5 a3 31. Qxe5 a2 32. Rd1 Qb1 33. Qd4 h6 34. Kg2
Ra8 0-1

[Event "XV Weekend B"]
[Site "Ceriano Laghetto ITA"]
[Date "2006.04.01"]
[Round "3"]
[White "Regorda, Vittorio"]
[Black "Franceschetti, Nando"]
[Result "1-0"]
[WhiteElo "1968"]
[BlackElo "1733"]
[PlyCount "103"]
[EventDate "2006.03.31"]

1. c4 Nf6 2. Nc3 e5 3. g3 c6 4. Bg2 d6 5. d3 Nbd7 6. e4 a5 7. Nge2 Be7 8. O-O
O-O 9. h3 Nc5 10. f4 Qb6 11. Be3 Qc7 12. f5 Bd7 13. g4 h6 14. Ng3 Nh7 15. Qd2
Bg5 16. Bxg5 hxg5 17. Rad1 Rad8 18. d4 exd4 19. Qxd4 Bc8 20. Nh5 f6 21. Qf2 Nd7
22. Rd2 Ne5 23. b3 Rf7 24. Rfd1 Rfd7 25. Na4 c5 26. Nc3 Qb8 27. Ng3 b6 28. Nge2
Nf8 29. Nc1 Re7 30. Qg3 Bb7 31. Nd3 Nfd7 32. Nf2 Nf8 33. h4 gxh4 34. Qxh4 Nh7
35. Nh3 Nf7 36. Qg3 Ba8 37. Nf4 Nhg5 38. Ng6 Ree8 39. Qf4 Ne5 40. Kf2 Nef3 41.
Rxd6 Nd4 42. Rxd8 Qxd8 43. e5 fxe5 44. Nxe5 Qf6 45. Re1 Bxg2 46. Kxg2 Qh6 47.
Rh1 Qf6 48. Ng6 Ne2 49. Rh8+ Kf7 50. Qc7+ Qe7 51. Qxe7+ Rxe7 52. Rf8# 1-0

[Event "XV Weekend B"]
[Site "Ceriano Laghetto ITA"]
[Date "2006.04.01"]
[Round "3"]
[White "Ronconi, Fausto"]
[Black "Garofalo, Sergio"]
[Result "1/2-1/2"]
[WhiteElo "1703"]
[BlackElo "1911"]
[PlyCount "129"]
[EventDate "2006.03.31"]

1. c4 f5 2. d4 Nf6 3. Nf3 e6 4. g3 Be7 5. Bg2 O-O 6. O-O d6 7. Nc3 c6 8. Bf4
Qe8 9. h3 Qh5 10. Nh2 g5 11. Bd2 e5 12. dxe5 dxe5 13. e4 Qxd1 14. Raxd1 f4 15.
Nf3 g4 16. Nxe5 fxg3 17. fxg3 gxh3 18. Bf3 Nbd7 19. Nxd7 Bxd7 20. Bg5 Bc5+ 21.
Kh2 Ng4+ 22. Bxg4 Bxg4 23. Rxf8+ Rxf8 24. Rd8 Rxd8 25. Bxd8 Bd4 26. Be7 Kf7 27.
Bb4 Be6 28. b3 c5 29. Ne2 b6 30. Bd2 Kf6 31. Nf4 Bd7 32. Nxh3 Bxh3 33. Kxh3 Ke5
34. Kg4 Kxe4 35. Bf4 Kd3 36. Bb8 a6 37. Ba7 b5 38. cxb5 axb5 39. Kh5 c4 40.
bxc4 bxc4 41. Bb8 Be3 42. Be5 c3 43. Bxc3 Kxc3 44. g4 h6 45. Kh4 Kb4 46. Kh3
Ka3 47. Kg2 Kxa2 48. Kf3 Bc1 49. Kg2 Kb2 50. Kf3 Kc2 51. Ke2 Bd2 52. Kf3 Kd1
53. Kf2 Be1+ 54. Kf3 Bh4 55. Kg2 Ke2 56. Kg1 Bf2+ 57. Kg2 Be3 58. Kh2 Kf1 59.
Kh1 Bf2 60. Kh2 Bd4 61. Kh1 Kf2 62. Kh2 Kf3 63. Kh1 Kg3 64. g5 h5 65. g6
1/2-1/2